Pop culture en images - J - Statistiques

Statistiques générales
  • Ce quiz a été pris 391 fois
  • Le résultat moyen est 6 sur 16
Statistiques - réponses
Par images Réponse % Correct
Joker
99%
Jerry
98%
Jiraya
68%
Jinx
60%
King Julian
57%
Jessie
48%
Joffrey Baratheon
35%
John B
33%
Jak
27%
Johnny
26%
Jump Force
26%
Jolyne Cujoh
23%
Jin-Woo
20%
John Marston
16%
Jeanne d'Arc
8%
Joi
2%
Aucun quiz correspondant
Distribution des résultats
% des personnes avec chaque résultat
Percentile par nombre de réponses
Votre historique - résultats
Vous n’avez pas pris ce quiz